000 00440nam a2200169Ia 4500
008 230917s9999||||xx |||||||||||||| ||und||
020 _cRS 2895.00
040 _e5001708
_aMAIN
041 _aEnglish
082 _a333.9539 P886B
100 _aPrasad, Shiv
245 0 _aBiofuels
260 _aDelhi
_bNarendra Publishing House
_c2021
300 _axix, 336 p.
500 _a4993 05/01/2023 JPH23/00094 23/01/2023 UIET (SFS)
942 _cBK
999 _c8369
_d8369